Ordinary Differential Equations (Record no. 6341)

MARC details
000 -LEADER
fixed length control field 00538nam a22001937a 4500
003 - CONTROL NUMBER IDENTIFIER
control field OSt
005 - DATE AND TIME OF LATEST TRANSACTION
control field 20191003150345.0
008 - FIXED-LENGTH DATA ELEMENTS--GENERAL INFORMATION
fixed length control field 191003b ||||| |||| 00| 0 eng d
020 ## - INTERNATIONAL STANDARD BOOK NUMBER
International Standard Book Number 0486649407
040 ## - CATALOGING SOURCE
Transcribing agency DDC
082 ## - DEWEY DECIMAL CLASSIFICATION NUMBER
Classification number 515.35 TEN 1985
100 ## - MAIN ENTRY--PERSONAL NAME
Personal name Tenenbaum, Morris; Pollard, Harry
9 (RLIN) 12973
245 ## - TITLE STATEMENT
Title Ordinary Differential Equations
260 ## - PUBLICATION, DISTRIBUTION, ETC. (IMPRINT)
Place of publication, distribution, etc. New York;
Name of publisher, distributor, etc. Dover Publications,
Date of publication, distribution, etc. 1985
300 ## - PHYSICAL DESCRIPTION
Extent xvii,808p;
Other physical details 21cm
504 ## - BIBLIOGRAPHY, ETC. NOTE
Bibliography, etc Bibliography, & index included
650 ## - SUBJECT ADDED ENTRY--TOPICAL TERM
Topical term or geographic name as entry element Differential equations
9 (RLIN) 751
942 ## - ADDED ENTRY ELEMENTS (KOHA)
Source of classification or shelving scheme Other/Generic Classification Scheme
Koha item type Book Bank
Holdings
Withdrawn status Lost status Source of classification or shelving scheme Damaged status Not for loan Home library Current library Date acquired Source of acquisition Inventory number Total Checkouts Total Renewals Full call number Barcode Date last seen Date last checked out Koha item type
    Dewey Decimal Classification     MUST Main Library MUST Main Library 03/10/2019 Purchase 05/24467 1 1 515.35 TEN 1985 2019-0511 21/03/2023 04/05/2021 Open Shelf
    Dewey Decimal Classification     MUST Main Library MUST Main Library 03/10/2019 Purchase 06/28321 1   515.35 TEN 1985 2019-0512 11/10/2023 30/01/2020 Open Shelf